LEADER 01326nam a2200301 i 4500 001 000000174286 003 CaOOAMICUS 005 20080923000000.0 008 080923s2000 it u000 u ita u 013 $a151757 020 $a88-307-0935-2 040 $aSeMil$bita 100 1 $aAgnelli, Antonio.$0(OLS)http://semarc/name/45752 245 10$aFare giubileo nella globalizzazione :$bspiritualitą dell'economia e della politica /$cAntonio Agnelli. 260 $aBologna :$bEMI,$ccopyr. 2000. 300 $a124 p. ;$c21 cm. 490 0 $aStrumenti di animazione missionaria 500 $aContiene : Bibliografia. 650 4$aPolitica - Spiritualitą.$0(OLS)http://semarc/subject/10117 650 4$aGlobalizzazione.$0(OLS)http://semarc/subject/1284 650 4$aEconomia - Spiritualitą.$0(OLS)http://semarc/subject/33198 830 0$aStrumenti di animazione missionaria.$0(OLS)http://semarc/title/9994 850 $aSeMil 852 $aSeMil$W1$xVenegono$y1$m3M III 200$j125124$B125124$CSeMilBibl$Z2$F138501 $81 961 $aOmaggio: Altro 996 $6020$a88-307-0935-2$9(OLS)http://semarc/number/162148 996 $6245$aFare giubileo nella globalizzazione :$bspiritualitą dell'economia e della politica$9(OLS)http://semarc/title/249765 996 $6260$aBologna :$bEMI$9(OLS)http://semarc/publisher/29618 LEADER 01255nam a2200277 i 4500 001 000000047342 003 CaOOAMICUS 005 20100616000000.0 008 100616s1985 it u000 u ita u 013 $a18512 020 $a88-215-0962-1 040 $aSeMil$bita 100 1 $aTrapč, Agostino,$c.$0(OLS)http://semarc/name/3342 245 10$aSan Nicola Da Tolentino :$bun contemplativo e un apostolo /$cAgostino Trapč. 260 $aCinisello Balsamo :$bEdizioni Paoline,$ccopyr. 1985. 300 $a159 p., [7] p. di tav. ;$c20 cm. 490 0 $aSanti e Sante di Dio ;$v1 500 $aContiene : Nota bibliografica. - In preliminari : Fondo Franco Conti. 600 04$aNicola : da Tolentino .$0(OLS)http://semarc/subject/9992 830 0$aSanti e sante di Dio ;$v1.$0(OLS)http://semarc/title/17351 850 $aSeMil 852 $aSeMil$W1$xVenegono$y1$m3H I 391$j13497$B13497$CSeMilBibl$Z2$F13497 $81 961 $aOmaggio: Conti Franco 996 $6020$a88-215-0962-1$9(OLS)http://semarc/number/20000 996 $6245$aSan Nicola Da Tolentino :$bun contemplativo e un apostolo$9(OLS)http://semarc/title/71285 996 $6260$aCinisello Balsamo :$bEdizioni Paoline$9(OLS)http://semarc/publisher/36103